[Event "Nova Gorica op 28th"]
[Site "Nova Gorica"]
[Date "2024.01.31"]
[Round "7"]
[White "Fercec, Nenad"]
[Black "Plaskan, Jure"]
[Result "1-0"]
[WhiteElo "2410"]
[BlackElo "2262"]
[PlyCount "161"]
[EventDate "2024.01.26"]
[EventType "swiss"]
[EventRounds "9"]
[EventCountry "SLO"]
[SourceTitle "CB06_2024"]
[SourceDate "2024.02.07"]
[SourceVersion "1"]
[SourceVersionDate "2024.02.07"]
[SourceQuality "1"]

1. e4 c5 2. Nf3 e6 3. d4 cxd4 4. Nxd4 a6 5. Nc3 b5 6. Bd3 Bb7 7. 0-0 Nc6 8. Nxc6 Bxc6 9. Qe2 Ne7 10. a4 b4 11. Nb1 Ng6 12. Bxa6 Bd6 13. Bd3 Qb8 14. f4 Nxf4 15. Qf3 Ng6 16. Qxf7+ Kd8 17. Bg5+ Kc8 18. Nd2 Bxh2+ 19. Kh1 Ra5 20. Bb5 Bxb5 21. axb5 Rxa1 22. Rxa1 Rf8 23. Qxg7 Be5 24. Qh6 Bxb2 25. Rb1 Qg3 26. Be3 Be5 27. Qh3 Qxh3+ 28. gxh3 Bc3 29. Nc4 Rf3 30. Kg2 Nh4+ 31. Kh2 d5 32. exd5 exd5 33. Nb6+ Kb7 34. Nxd5 Be5+ 35. Kg1 Bd6 36. Bf2 Rxh3 37. Ra1 Bh2+ 38. Kf1 Bb8 39. Ra6 b3 40. cxb3 Nf5 41. Rb6+ Kc8 42. Rf6 Nd6 43. Nb6+ Kb7 44. Nc4 Rd3 45. Bc5 Ne4 46. Rf7+ Kc8 47. b4 Nd2+ 48. Nxd2 Rxd2 49. Rxh7 Rd7 50. Rh5 Kb7 51. Ke2 Ba7 52. Ke3 Bb6 53. Ke4 Bc7 54. Rh6 Bb8 55. Re6 Bc7 56. Ra6 Bb8 57. Bd4 Rd6 58. Ra2 Rd7 59. Bc5 Rd1 60. Ra6 Rd7 61. Ke3 Rd5 62. Rg6 Rd7 63. Ke4 Bc7 64. Ra6 Bb8 65. Rg6 Bc7 66. Kf5 Rd1 67. Rg7 Rf1+ 68. Ke4 Re1+ 69. Kd3 Kb8 70. b6 Bh2 71. Kc4 Re8 72. Kb5 Rh8 73. Ka6 Be5 74. Rg6 Kc8 75. Re6 Bf4 76. Re7 Rh6 77. Ka7 Rh1 78. b7+ Kd8 79. b8Q+ Bxb8+ 80. Kxb8 Rb1 81. Rh7 1-0

[Event "Nova Gorica op 28th"]
[Site "Nova Gorica"]
[Date "2024.01.26"]
[Round "1"]
[White "Fercec, Nenad"]
[Black "Ceschia, Ivano"]
[Result "1/2-1/2"]
[WhiteElo "2410"]
[BlackElo "2183"]
[PlyCount "60"]
[EventDate "2024.01.26"]
[EventType "swiss"]
[EventRounds "9"]
[EventCountry "SLO"]
[SourceTitle "CB06_2024"]
[SourceDate "2024.02.07"]
[SourceVersion "1"]
[SourceVersionDate "2024.02.07"]
[SourceQuality "1"]

1. e4 c5 2. Nf3 Nc6 3. d4 cxd4 4. Nxd4 Qb6 5. Nb3 Nf6 6. Nc3 e6 7. Bd3 Bb4 8. 0-0 0-0 9. Bg5 Be7 10. Kh1 d5 11. exd5 Nxd5 12. Nxd5 exd5 13. Bxe7 Nxe7 14. Qh5 g6 15. Qe5 Nc6 16. Qxd5 Nb4 17. Qc5 Nxd3 18. cxd3 Be6 19. Rfc1 Bxb3 20. axb3 Qxb3 21. Rxa7 Qxb2 22. Rxa8 Rxa8 23. h4 Ra2 24. Kg1 h5 25. Rc4 Ra1+ 26. Kh2 Qf6 27. Qd4 Qxd4 28. Rxd4 b5 29. Rb4 Ra3 30. d4 Ra4 1/2-1/2

[Event "Bosnjaci op 28th"]
[Site "Bosnjaci"]
[Date "2024.01.08"]
[Round "8"]
[White "Muratovic, Efim"]
[Black "Fercec, Nenad"]
[Result "0-1"]
[WhiteElo "2345"]
[BlackElo "2410"]
[PlyCount "140"]
[EventDate "2024.01.03"]
[EventType "swiss"]
[EventRounds "9"]
[EventCountry "CRO"]
[SourceTitle "CB02_2024"]
[SourceDate "2024.01.10"]
[SourceVersion "1"]
[SourceVersionDate "2024.01.10"]
[SourceQuality "1"]

1. Nf3 d5 2. d4 Nc6 3. Bf4 Bg4 4. Nbd2 e6 5. e3 Bd6 6. Bg3 Nge7 7. c3 Nf5 8. Bd3 Nxg3 9. hxg3 e5 10. Qb3 Bxf3 11. gxf3 Ne7 12. 0-0-0 c6 13. dxe5 Bxe5 14. f4 Bd6 15. Qxb7 a5 16. e4 Rb8 17. Qa7 h6 18. f5 f6 19. Qe3 a4 20. f4 Qa5 21. Kc2 Bc5 22. Qe2 0-0 23. Rb1 dxe4 24. Qxe4 Nd5 25. Bc4 Kh8 26. Bxd5 cxd5 27. Qxd5 Rbd8 28. Qc6 Be3 29. Ne4 Qxf5 30. Rbe1 Bf2 31. g4 Qxf4 32. Rhf1 Qf3 33. Rxf2 Qd3+ 34. Kc1 a3 35. Rd2 axb2+ 36. Kxb2 Rb8+ 37. Ka1 Qf3 38. Qd6 Rfe8 39. Qd3 Qxg4 40. Rde2 Red8 41. Qc2 f5 42. Nd2 f4 43. Nb3 f3 44. Qe4 Qg3 45. Re3 Re8 46. Qxe8+ Rxe8 47. Rxe8+ Kh7 48. Rc1 Qf4 49. Ree1 g5 50. Nd4 f2 51. Re7+ Kg6 52. Rf1 g4 53. Re6+ Kf7 54. Ne2 Qf3 55. Re5 g3 56. Nxg3 Qxc3+ 57. Kb1 Qxe5 58. Rxf2+ Kg6 59. Rf3 h5 60. Kc1 h4 61. Nf1 Qe2 62. Nd2 Kg5 63. a4 Kg4 64. Rf8 h3 65. Rg8+ Kf5 66. Rf8+ Kg6 67. Nf3 Kg7 68. Rf5 h2 69. Nxh2 Qe1+ 70. Kb2 Qd2+ 0-1

[Event "Bosnjaci op 28th"]
[Site "Bosnjaci"]
[Date "2024.01.04"]
[Round "3"]
[White "Fercec, Nenad"]
[Black "Nomindalai, Tumurbaatar"]
[Result "1-0"]
[WhiteElo "2410"]
[BlackElo "2166"]
[PlyCount "103"]
[EventDate "2024.01.03"]
[EventType "swiss"]
[EventRounds "9"]
[EventCountry "CRO"]
[SourceTitle "CB02_2024"]
[SourceDate "2024.01.10"]
[SourceVersion "1"]
[SourceVersionDate "2024.01.10"]
[SourceQuality "1"]

1. e4 c5 2. Nf3 d6 3. Bb5+ Nd7 4. c3 Ngf6 5. Qe2 a6 6. Ba4 Qc7 7. Bc2 g6 8. d4 Bg7 9. 0-0 e5 10. dxe5 Nxe5 11. Nxe5 dxe5 12. c4 0-0 13. Nc3 Re8 14. Ba4 Re6 15. Rd1 h6 16. Be3 Rd6 17. Rxd6 Qxd6 18. Rd1 Qf8 19. f3 Be6 20. Qf2 Rc8 21. b3 h5 22. Qd2 Kh7 23. h4 Rb8 24. Bg5 Bh6 25. Qd6 Qxd6 26. Rxd6 Ng8 27. Kf2 Bxg5 28. hxg5 Kg7 29. g3 Kf8 30. f4 exf4 31. gxf4 Ke7 32. e5 h4 33. Rb6 Kd8 34. Ne4 Kc7 35. Rd6 b5 36. Nxc5 Rb6 37. Nxa6+ Rxa6 38. Rxa6 bxa4 39. Rxa4 Kb7 40. Rb4+ Ka7 41. f5 Bxf5 42. c5 h3 43. c6 Bc8 44. e6 fxe6 45. Rf4 Kb8 46. Rf7 e5 47. Rg7 Be6 48. Kg3 Bd5 49. Kxh3 e4 50. Kg3 Kc8 51. Kf4 Kd8 52. Rd7+ 1-0

[Event "EU-ch Blitz"]
[Site "Zagreb"]
[Date "2023.12.16"]
[Round "5"]
[White "Fercec, Nenad"]
[Black "Plat, Vojtech"]
[Result "1-0"]
[WhiteElo "2401"]
[BlackElo "2509"]
[PlyCount "113"]
[EventDate "2023.12.16"]
[EventType "swiss (blitz)"]
[EventRounds "13"]
[EventCountry "CRO"]
[SourceTitle "CB51_2023"]
[SourceDate "2023.12.20"]
[SourceVersion "1"]
[SourceVersionDate "2023.12.20"]
[SourceQuality "1"]

1. e4 c5 2. Nf3 Nc6 3. d4 cxd4 4. Nxd4 e5 5. Nb5 a6 6. Nd6+ Bxd6 7. Qxd6 Qf6 8. Qc7 Qg6 9. Nc3 Nge7 10. Be3 0-0 11. 0-0-0 b5 12. f3 Rb8 13. h4 Rb7 14. Qd6 Qxd6 15. Rxd6 Re8 16. a4 bxa4 17. Nxa4 Rb8 18. Be2 a5 19. Rhd1 Ng6 20. g3 Nf8 21. b3 Ne6 22. Bc4 Ned4 23. f4 Nb5 24. Bxb5 Rxb5 25. f5 f6 26. Nc5 Nd4 27. Nxd7 Ne2+ 28. Kb2 Nxg3 29. Nc5 Kf7 30. Bf2 Rxc5 31. Bxg3 Bb7 32. Rd7+ Re7 33. Rxe7+ Kxe7 34. Re1 Rb5 35. c4 Rb6 36. Bf2 Rc6 37. Kc3 a4 38. b4 Ba6 39. Bc5+ Ke8 40. Ra1 Bb7 41. Rxa4 Rc7 42. Kd3 Rd7+ 43. Ke3 Rd1 44. Ra7 Rd7 45. b5 g6 46. fxg6 hxg6 47. Bb6 f5 48. exf5 gxf5 49. c5 f4+ 50. Kf2 Be4 51. Rxd7 Kxd7 52. c6+ Kd6 53. h5 Bd3 54. h6 e4 55. Bd4 Kc7 56. Be5+ Kb6 57. Bxf4 1-0

[Event "EU-ch Blitz"]
[Site "Zagreb"]
[Date "2023.12.16"]
[Round "10"]
[White "Makovec, Bruno"]
[Black "Fercec, Nenad"]
[Result "1/2-1/2"]
[WhiteElo "2274"]
[BlackElo "2401"]
[PlyCount "155"]
[EventDate "2023.12.16"]
[EventType "swiss (blitz)"]
[EventRounds "13"]
[EventCountry "CRO"]
[SourceTitle "CB51_2023"]
[SourceDate "2023.12.20"]
[SourceVersion "1"]
[SourceVersionDate "2023.12.20"]
[SourceQuality "1"]

1. Nf3 d5 2. d4 Nc6 3. g3 Bf5 4. Bg2 Nb4 5. Na3 e6 6. c3 Nc6 7. Nb1 Nf6 8. 0-0 Be7 9. Nbd2 0-0 10. h3 h6 11. b3 a5 12. Bb2 Ne4 13. Nxe4 Bxe4 14. a4 Bf6 15. Re1 Re8 16. Bf1 e5 17. e3 Qd7 18. Nd2 Bg6 19. Bg2 Rad8 20. Nf3 e4 21. Nd2 Bf5 22. Kh2 Ne7 23. c4 c6 24. cxd5 cxd5 25. Qe2 Nc6 26. Ba3 Be7 27. Bxe7 Qxe7 28. Qb5 Qb4 29. Red1 Re6 30. Rac1 Qxb5 31. axb5 Nb4 32. Rc7 Rb6 33. Bf1 Nd3 34. Bxd3 exd3 35. Rc5 Rbd6 36. Nb1 b6 37. Rc7 Be4 38. g4 f5 39. Kg3 fxg4 40. hxg4 Rf6 41. Nd2 Bg6 42. f4 Be8 43. e4 dxe4 44. Nxe4 Re6 45. Nc3 Rxd4 46. Rc4 Rxc4 47. bxc4 Rd6 48. Kf3 Bf7 49. Ne4 Rd4 50. Nd2 Rd8 51. Ke3 h5 52. gxh5 Bxh5 53. Rc1 Bg6 54. Nf3 d2 55. Nxd2 Rd3+ 56. Ke2 Ra3 57. c5 bxc5 58. Rxc5 Bd3+ 59. Kf2 a4 60. b6 Ba6 61. Ra5 Bb7 62. Ra7 Rd3 63. Ke2 Rd7 64. Rxa4 Bc6 65. Rb4 Bb7 66. Ke3 Kf7 67. Rd4 Ke6 68. Rxd7 Kxd7 69. Nc4 Kc6 70. Na5+ Kxb6 71. Nxb7 Kxb7 72. Kd4 Kc6 73. Ke5 Kd7 74. Kf5 Ke7 75. Kg6 Kf8 76. f5 Kg8 77. f6 gxf6 78. Kxf6 1/2-1/2

[Event "CRO-ch"]
[Site "Zagreb"]
[Date "2023.12.12"]
[Round "10"]
[White "Fercec, Nenad"]
[Black "Kozul, Zdenko"]
[Result "1-0"]
[WhiteElo "2401"]
[BlackElo "2532"]
[PlyCount "79"]
[EventDate "2023.12.05"]
[EventType "tourn"]
[EventRounds "11"]
[EventCountry "CRO"]
[EventCategory "9"]
[SourceTitle "CB51_2023"]
[SourceDate "2023.12.20"]
[SourceVersion "1"]
[SourceVersionDate "2023.12.20"]
[SourceQuality "1"]

1. e4 c5 2. Nf3 d6 3. d4 cxd4 4. Nxd4 Nf6 5. Nc3 a6 6. Be3 e6 7. Qd2 Nbd7 8. f3 h5 9. Bc4 Qc7 10. Bxe6 fxe6 11. Nxe6 Qc4 12. Nxf8 Nxf8 13. Qxd6 Be6 14. 0-0-0 Rc8 15. Rd4 Qc7 16. Rhd1 Qxd6 17. Rxd6 N6d7 18. Nd5 h4 19. h3 Bxd5 20. R1xd5 Nf6 21. Rd4 N8d7 22. e5 Rh5 23. exf6 Nxf6 24. Bf2 Rg5 25. Bxh4 Rxg2 26. c3 Kf7 27. Bxf6 gxf6 28. Rd7+ Ke6 29. Rxb7 Rf2 30. Rb6+ Kf5 31. Rd5+ Kg6 32. Rd2 Rxf3 33. Rxa6 Rh8 34. a4 Rhxh3 35. Kc2 Kg5 36. a5 f5 37. Ra8 Re3 38. a6 Kf4 39. Rf2+ Rhf3 40. Rxf3+ 1-0

[Event "CRO-ch"]
[Site "Zagreb"]
[Date "2023.12.11"]
[Round "9"]
[White "Fercec, Nenad"]
[Black "Livaic, Leon"]
[Result "1/2-1/2"]
[WhiteElo "2401"]
[BlackElo "2543"]
[PlyCount "52"]
[EventDate "2023.12.05"]
[EventType "tourn"]
[EventRounds "11"]
[EventCountry "CRO"]
[EventCategory "9"]
[SourceTitle "CB51_2023"]
[SourceDate "2023.12.20"]
[SourceVersion "1"]
[SourceVersionDate "2023.12.20"]
[SourceQuality "1"]

1. e4 c5 2. Nf3 Nc6 3. d4 cxd4 4. Nxd4 Nf6 5. Nc3 d6 6. Bg5 e6 7. Qd2 a6 8. 0-0-0 Be7 9. f4 Bd7 10. Nf3 b5 11. Bxf6 gxf6 12. Kb1 b4 13. Ne2 a5 14. Ned4 Nxd4 15. Nxd4 Qb6 16. h4 Rg8 17. Rh3 Rc8 18. Re3 a4 19. g3 Rc5 20. Be2 Kf8 21. g4 e5 22. fxe5 fxe5 23. Nf5 Bxf5 24. exf5 Bxh4 25. Qxd6+ Qxd6 26. Rxd6 Ke7 1/2-1/2

[Event "Gradiste op 3rd"]
[Site "Gradiste"]
[Date "2023.08.10"]
[Round "7"]
[White "Fercec, Nenad"]
[Black "Bobanac, Miro"]
[Result "1-0"]
[WhiteElo "2401"]
[BlackElo "2232"]
[PlyCount "71"]
[EventDate "2023.08.06"]
[EventType "swiss"]
[EventRounds "9"]
[EventCountry "CRO"]
[SourceTitle "EXT 2024"]
[Source "ChessBase"]
[SourceDate "2023.10.10"]
[SourceVersion "1"]
[SourceVersionDate "2023.10.10"]
[SourceQuality "1"]

1. e4 Nf6 2. e5 Nd5 3. d4 c6 4. Nf3 Nc7 5. Be2 d5 6. 0-0 Bg4 7. Nbd2 e6 8. h3 Bxf3 9. Nxf3 c5 10. c3 Nc6 11. Be3 cxd4 12. cxd4 Be7 13. Rc1 0-0 14. Bd3 Ne8 15. Bb1 f5 16. exf6 Bxf6 17. Re1 Nd6 18. Ne5 Bxe5 19. dxe5 Nf5 20. Bc5 Rf7 21. Qg4 g6 22. b4 Rg7 23. b5 h5 24. Qf3 Nce7 25. g4 hxg4 26. hxg4 Nh6 27. Qf6 Qd7 28. Qg5 Nhf5 29. a4 b6 30. Ba3 Nd4 31. Qe3 Ndf5 32. gxf5 gxf5+ 33. Kf1 Ng6 34. Bd6 Qd8 35. Qh6 Qe8 36. Rc3 1-0

[Event "Gradiste op 3rd"]
[Site "Gradiste"]
[Date "2023.08.09"]
[Round "5"]
[White "Uzunovic, Gabriel"]
[Black "Fercec, Nenad"]
[Result "0-1"]
[WhiteElo "1588"]
[BlackElo "2401"]
[PlyCount "88"]
[EventDate "2023.08.06"]
[EventType "swiss"]
[EventRounds "9"]
[EventCountry "CRO"]
[SourceTitle "EXT 2024"]
[Source "ChessBase"]
[SourceDate "2023.10.10"]
[SourceVersion "1"]
[SourceVersionDate "2023.10.10"]
[SourceQuality "1"]

1. e4 c5 2. c3 d5 3. exd5 Qxd5 4. d4 g6 5. Nf3 Bg7 6. Na3 cxd4 7. cxd4 Nf6 8. Bc4 Qd8 9. 0-0 0-0 10. Bf4 Nc6 11. Nc2 Bg4 12. Be3 Nd5 13. h3 Bf5 14. Bd3 Qd7 15. Qd2 Rfd8 16. Bxf5 Qxf5 17. Rfd1 e5 18. Qe2 e4 19. Nd2 Re8 20. Nb3 b6 21. Rac1 Qe6 22. a3 f5 23. Re1 f4 24. Bd2 f3 25. gxf3 Qxh3 26. fxe4 Qxb3 27. Na1 Nxd4 28. Nxb3 Nxe2+ 29. Rxe2 Bxb2 30. Rce1 Nc3 31. Bxc3 Bxc3 32. Rc1 Be5 33. Rd1 Rad8 34. Red2 Rxd2 35. Rxd2 Kf7 36. f3 Ke6 37. Kf2 Rc8 38. Ke3 Rc3+ 39. Rd3 Rxd3+ 40. Kxd3 Kd6 41. Ke3 g5 42. a4 a6 43. Kf2 b5 44. Kg2 Ke6 0-1

[Event "Gradiste op 3rd"]
[Site "Gradiste"]
[Date "2023.08.07"]
[Round "3"]
[White "Fercec, Nenad"]
[Black "Damjanovic, Stjepan"]
[Result "0-1"]
[WhiteElo "2401"]
[BlackElo "2117"]
[PlyCount "62"]
[EventDate "2023.08.06"]
[EventType "swiss"]
[EventRounds "9"]
[EventCountry "CRO"]
[SourceTitle "EXT 2024"]
[Source "ChessBase"]
[SourceDate "2023.10.10"]
[SourceVersion "1"]
[SourceVersionDate "2023.10.10"]
[SourceQuality "1"]

1. e4 c5 2. Nf3 e6 3. d4 cxd4 4. Nxd4 a6 5. Nc3 Qc7 6. Bd3 Nf6 7. Qe2 d6 8. g4 g6 9. g5 Nh5 10. Bd2 Bg7 11. Nb3 b5 12. a3 Nd7 13. 0-0-0 Nb6 14. Na5 Bd7 15. Kb1 Rc8 16. Qe3 Nc4 17. Nxc4 bxc4 18. Be2 Rb8 19. Ka2 0-0 20. Rb1 Rb7 21. f4 Rfb8 22. Bxh5 gxh5 23. Rhf1 d5 24. e5 Bf8 25. f5 Bc5 26. Qf4 Qa5 27. Nd1 Qa4 28. g6 Bxa3 29. b3 Rxb3 30. cxb3 cxb3+ 31. Ka1 Bb4+ 0-1

[Event "Pula op 35th"]
[Site "Pula"]
[Date "2023.06.25"]
[Round "9"]
[White "Guid, Matej"]
[Black "Fercec, Nenad"]
[Result "1/2-1/2"]
[WhiteElo "2258"]
[BlackElo "2406"]
[PlyCount "106"]
[EventDate "2023.06.17"]
[EventType "swiss"]
[EventRounds "9"]
[EventCountry "CRO"]
[SourceTitle "CBM 214 Extra"]
[Source "ChessBase"]
[SourceDate "2023.07.31"]
[SourceVersion "1"]
[SourceVersionDate "2023.07.31"]
[SourceQuality "1"]

1. e4 c5 2. Nc3 Nc6 3. Bb5 Nd4 4. Nf3 a6 5. Bd3 Nc6 6. 0-0 d6 7. Re1 g6 8. Nd5 Bg7 9. c3 e6 10. Ne3 Nf6 11. Bc2 e5 12. d4 exd4 13. cxd4 cxd4 14. Nxd4 0-0 15. Nxc6 bxc6 16. Bd2 Re8 17. Nc4 Ng4 18. h3 Be6 19. hxg4 Bxc4 20. Bc3 Bxc3 21. bxc3 d5 22. Bb3 Bxb3 23. axb3 Qg5 24. exd5 Rxe1+ 25. Qxe1 Qxd5 26. b4 Qc4 27. g5 c5 28. Ra5 Rc8 29. Qe3 cxb4 30. cxb4 Qxb4 31. Rxa6 Qb5 32. Ra7 Qb1+ 33. Kh2 Qf5 34. Re7 Rd8 35. Qe5 Qxf2 36. Re8+ Rxe8 37. Qxe8+ Kg7 38. Qe5+ Kf8 39. Qb8+ Ke7 40. Qc7+ Ke6 41. Qc8+ Kd6 42. Qd8+ Kc6 43. Qc8+ Kb5 44. Qd7+ Ka6 45. Qc8+ Kb5 46. Qd7+ Kc4 47. Qc7+ Kd3 48. Qd7+ Qd4 49. Qxf7 Qe5+ 50. Kg1 Qe1+ 51. Kh2 Qh4+ 52. Kg1 Qe1+ 53. Kh2 Qh4+ 1/2-1/2

[Event "Pula op 35th"]
[Site "Pula"]
[Date "2023.06.22"]
[Round "6"]
[White "Fercec, Nenad"]
[Black "Berke, Ana"]
[Result "1/2-1/2"]
[WhiteElo "2406"]
[BlackElo "2136"]
[PlyCount "100"]
[EventDate "2023.06.17"]
[EventType "swiss"]
[EventRounds "9"]
[EventCountry "CRO"]
[SourceTitle "CBM 214 Extra"]
[Source "ChessBase"]
[SourceDate "2023.07.31"]
[SourceVersion "1"]
[SourceVersionDate "2023.07.31"]
[SourceQuality "1"]

1. e4 e5 2. Nf3 Nc6 3. Bb5 a6 4. Ba4 Nf6 5. d3 b5 6. Bb3 Be7 7. a3 Bb7 8. Nc3 0-0 9. 0-0 h6 10. Nd5 Nxd5 11. exd5 Na5 12. Ba2 c5 13. Bd2 b4 14. axb4 cxb4 15. Nxe5 Qc7 16. Ng6 Bd6 17. Nxf8 Rxf8 18. c4 Bxh2+ 19. Kh1 Bd6 20. Rc1 Qd8 21. Qh5 Qf6 22. c5 Qxb2 23. cxd6 Qxd2 24. Bc4 Qf4 25. Qh2 Qd4 26. Rfe1 Bxd5 27. Bxd5 Qxd5 28. Qe5 Qxe5 29. Rxe5 Nb7 30. Rd5 Rb8 31. Ra1 b3 32. Rb1 Nd8 33. Ra5 Nc6 34. Rxa6 f6 35. Ra3 Nd4 36. Ra7 Kf7 37. Rxd7+ Ke6 38. Rxg7 Kxd6 39. Rg6 Kc5 40. Rxf6 Kb4 41. Rxh6 Kc3 42. g4 Kc2 43. Rxb3 Rxb3 44. Kg2 Kxd3 45. Rh3+ Ke4 46. Rxb3 Nxb3 47. g5 Kf5 48. g6 Kxg6 49. f4 Nd4 50. f5+ Nxf5 1/2-1/2

[Event "CRO Cup"]
[Site "Mali Losinj"]
[Date "2023.05.11"]
[Round "2.3"]
[White "Predojevic, Borki"]
[Black "Fercec, Nenad"]
[Result "1-0"]
[WhiteElo "2563"]
[BlackElo "2411"]
[PlyCount "103"]
[EventDate "2023.05.10"]
[EventType "team-swiss"]
[EventRounds "6"]
[EventCountry "CRO"]
[SourceTitle "CBM 214 Extra"]
[Source "ChessBase"]
[SourceDate "2023.07.31"]
[SourceVersion "1"]
[SourceVersionDate "2023.07.31"]
[SourceQuality "1"]
[WhiteTeam "Solin Cemex"]
[BlackTeam "Pula"]
[WhiteTeamCountry "CRO"]
[BlackTeamCountry "CRO"]

1. Nf3 Nf6 2. g3 b6 3. Bg2 Bb7 4. c4 g6 5. d4 Bg7 6. 0-0 0-0 7. Qc2 Be4 8. Qb3 Bb7 9. Rd1 e6 10. Nc3 Nc6 11. Qc2 Na5 12. b3 d5 13. cxd5 Nxd5 14. Bg5 Qc8 15. Rac1 h6 16. Nxd5 exd5 17. Bf4 Qe6 18. h4 Rac8 19. Qd2 Rfe8 20. Bxh6 Qxe2 21. Bxg7 Kxg7 22. Qg5 Qe7 23. Bh3 Rcd8 24. Qf4 c6 25. Ne5 c5 26. Ng4 Bc8 27. dxc5 Bxg4 28. Bxg4 bxc5 29. Qa4 Nb7 30. Bf3 Qf6 31. Bxd5 Re2 32. Qf4 Qxf4 33. gxf4 Nd6 34. Bf3 Rxa2 35. Rxc5 Nb7 36. Rcd5 Rxd5 37. Rxd5 Rb2 38. Rd7 Nc5 39. Rxa7 Nxb3 40. Bd5 Nd4 41. Rxf7+ Kh6 42. Be4 Kh5 43. Kg2 Kxh4 44. Bxg6 Kg4 45. Be4 Re2 46. Bb7 Rc2 47. Bd5 Re2 48. Rf6 Rb2 49. Rf8 Rb5 50. f3+ Kh5 51. Be4 Kh6 52. Rf7 1-0

[Event "Vrsar op"]
[Site "Vrsar"]
[Date "2023.04.29"]
[Round "6"]
[White "Marjanovic, Gyorgy"]
[Black "Fercec, Nenad"]
[Result "0-1"]
[WhiteElo "1992"]
[BlackElo "2411"]
[PlyCount "34"]
[EventDate "2023.04.25"]
[EventType "swiss"]
[EventRounds "9"]
[EventCountry "CRO"]
[SourceTitle "CBM 214 Extra"]
[Source "ChessBase"]
[SourceDate "2023.07.31"]
[SourceVersion "1"]
[SourceVersionDate "2023.07.31"]
[SourceQuality "1"]

1. e4 c5 2. Nf3 e6 3. c3 Nf6 4. e5 Nd5 5. g3 d6 6. Bg2 dxe5 7. Nxe5 Qc7 8. d4 cxd4 9. Qxd4 Bc5 10. Qe4 Nf6 11. Qe2 Bxf2+ 12. Kxf2 Qxe5 13. Qxe5 Ng4+ 14. Ke2 Nxe5 15. b3 Nbc6 16. Nd2 b6 17. Ne4 Ba6+ 0-1

[Event "Vrsar op"]
[Site "Vrsar"]
[Date "2023.04.28"]
[Round "5"]
[White "Fercec, Nenad"]
[Black "Kolednjak, Tomislav"]
[Result "1-0"]
[WhiteElo "2411"]
[BlackElo "2066"]
[PlyCount "39"]
[EventDate "2023.04.25"]
[EventType "swiss"]
[EventRounds "9"]
[EventCountry "CRO"]
[SourceTitle "CBM 214 Extra"]
[Source "ChessBase"]
[SourceDate "2023.07.31"]
[SourceVersion "1"]
[SourceVersionDate "2023.07.31"]
[SourceQuality "1"]

1. e4 e6 2. d4 d5 3. Nd2 dxe4 4. Nxe4 Nd7 5. Nf3 Ngf6 6. Nxf6+ Nxf6 7. Bd3 c5 8. dxc5 Bxc5 9. Qe2 b6 10. Bg5 a6 11. 0-0-0 Qc7 12. Ne5 Ra7 13. Kb1 0-0 14. Bxf6 gxf6 15. Bxh7+ Kxh7 16. Qh5+ Kg7 17. Qg4+ Kh7 18. Rd3 Qxe5 19. Rh3+ Qh5 20. Rxh5# 1-0

[Event "Vrsar op"]
[Site "Vrsar"]
[Date "2023.04.26"]
[Round "2"]
[White "Fercec, Nenad"]
[Black "Gal, Andrej"]
[Result "1-0"]
[WhiteElo "2411"]
[BlackElo "2042"]
[PlyCount "61"]
[EventDate "2023.04.25"]
[EventType "swiss"]
[EventRounds "9"]
[EventCountry "CRO"]
[SourceTitle "CBM 214 Extra"]
[Source "ChessBase"]
[SourceDate "2023.07.31"]
[SourceVersion "1"]
[SourceVersionDate "2023.07.31"]
[SourceQuality "1"]

1. e4 c5 2. Nf3 d6 3. Bb5+ Nd7 4. 0-0 a6 5. Bd3 Ngf6 6. Re1 e6 7. c3 Be7 8. Bc2 0-0 9. d4 b5 10. e5 Nd5 11. Qd3 g6 12. Bh6 Re8 13. Nbd2 dxe5 14. dxe5 c4 15. Qe4 Bb7 16. Qg4 Nc5 17. Ne4 b4 18. h4 bxc3 19. bxc3 Nd3 20. h5 Qa5 21. hxg6 hxg6 22. Nfg5 Nxe5 23. Qh4 Nf6 24. Bf8 Ned7 25. Bxe7 Rxe7 26. Qh6 Qd8 27. Nd6 Nf8 28. Rad1 Bd5 29. Rd4 Qxd6 30. Rh4 Nh5 31. Rxh5 1-0

[Event "Nova Gorica op 27th"]
[Site "Nova Gorica"]
[Date "2023.03.20"]
[Round "6"]
[White "Davies, Nigel Rodney"]
[Black "Fercec, Nenad"]
[Result "1-0"]
[WhiteElo "2380"]
[BlackElo "2423"]
[PlyCount "129"]
[EventDate "2023.03.16"]
[EventType "swiss"]
[EventRounds "9"]
[EventCountry "SLO"]
[SourceTitle "CBM 213 Extra"]
[Source "ChessBase"]
[SourceDate "2023.05.31"]
[SourceVersion "1"]
[SourceVersionDate "2023.05.31"]
[SourceQuality "1"]

1. Nf3 Nf6 2. c4 b6 3. g3 Bb7 4. Bg2 g6 5. b3 Bg7 6. Bb2 0-0 7. 0-0 e6 8. Nc3 d5 9. cxd5 exd5 10. d4 Nbd7 11. Rc1 a6 12. Qc2 Re8 13. e3 c5 14. Rfd1 Rc8 15. dxc5 bxc5 16. Ne1 Ne5 17. Na4 Ned7 18. Nd3 c4 19. Nf4 Qa5 20. Bc3 Qb5 21. Qb2 d4 22. Bxd4 Bxg2 23. Nxg2 cxb3 24. axb3 Rb8 25. Rb1 Ne5 26. Ne1 Ne4 27. Nc3 Qb7 28. Nxe4 Qxe4 29. Qe2 Rb5 30. Bxe5 Qxe5 31. Nf3 Qb8 32. Nd4 Bxd4 33. Rxd4 Rxb3 34. Rxb3 Qxb3 35. Qxa6 h5 36. Kg2 Qc2 37. Qf6 Qc7 38. h3 Qb7+ 39. Qf3 Qxf3+ 40. Kxf3 Ra8 41. Kf4 Ra2 42. f3 Ra3 43. Rd7 Kg7 44. h4 Kf6 45. Rb7 Ra6 46. e4 Rc6 47. g4 hxg4 48. Kxg4 Rc1 49. Kf4 Rh1 50. e5+ Ke6 51. Rb6+ Ke7 52. Kg5 Rg1+ 53. Kh6 Rh1 54. Kg7 Rxh4 55. Rf6 g5 56. Rxf7+ Ke6 57. Kg6 g4 58. Rf4 Kxe5 59. Rxg4 Rh8 60. f4+ Kd6 61. Kf7 Rh7+ 62. Rg7 Rh4 63. Rg6+ Kd5 64. f5 Ke5 65. f6 1-0

[Event "Nova Gorica op 27th"]
[Site "Nova Gorica"]
[Date "2023.03.17"]
[Round "2"]
[White "Pasini, Nicolo"]
[Black "Fercec, Nenad"]
[Result "1/2-1/2"]
[WhiteElo "2209"]
[BlackElo "2423"]
[PlyCount "69"]
[EventDate "2023.03.16"]
[EventType "swiss"]
[EventRounds "9"]
[EventCountry "SLO"]
[SourceTitle "CBM 213 Extra"]
[Source "ChessBase"]
[SourceDate "2023.05.31"]
[SourceVersion "1"]
[SourceVersionDate "2023.05.31"]
[SourceQuality "1"]

1. e4 c5 2. Nf3 d6 3. d4 cxd4 4. Qxd4 a6 5. Be2 Nc6 6. Qe3 g6 7. Nc3 Bg7 8. 0-0 Nf6 9. h3 0-0 10. Nd5 Nd7 11. c3 e6 12. Nf4 b5 13. Rd1 Nc5 14. Nd3 Na4 15. Bf1 Bb7 16. Qe1 Qc7 17. Bg5 h6 18. Bd2 Ne5 19. Nfxe5 dxe5 20. b3 Nb6 21. Be3 Nd7 22. f3 f5 23. Nf2 Nf6 24. a4 fxe4 25. Nxe4 Nxe4 26. fxe4 Bxe4 27. axb5 axb5 28. Bxb5 Rxa1 29. Rxa1 Bxg2 30. Qg3 Be4 31. Ra7 Qd6 32. Be2 g5 33. h4 Bc6 34. hxg5 Qd5 35. Rxg7+ 1/2-1/2

[Event "CRO-chT1A 30th"]
[Site "Porec"]
[Date "2022.09.30"]
[Round "7.2"]
[White "Fercec, Nenad"]
[Black "Stevic, Hrvoje"]
[Result "1/2-1/2"]
[WhiteElo "2403"]
[BlackElo "2565"]
[PlyCount "67"]
[EventDate "2022.09.24"]
[EventType "team-tourn"]
[EventRounds "9"]
[EventCountry "CRO"]
[SourceTitle "CBM 210 Extra"]
[Source "ChessBase"]
[SourceDate "2022.11.30"]
[SourceVersion "1"]
[SourceVersionDate "2022.11.30"]
[SourceQuality "1"]
[WhiteTeam "Pula"]
[BlackTeam "Zagreb Zagreb"]
[WhiteTeamCountry "CRO"]
[BlackTeamCountry "CRO"]

1. e4 e5 2. Nf3 Nc6 3. Bb5 g6 4. 0-0 Bg7 5. c3 a6 6. Ba4 b5 7. Bc2 d6 8. h3 Nf6 9. d4 exd4 10. cxd4 0-0 11. Nc3 Bb7 12. Bg5 h6 13. Bh4 Re8 14. Re1 g5 15. Bg3 b4 16. Nb1 Nh5 17. Bh2 Nf4 18. Bxf4 gxf4 19. Ba4 Qf6 20. Nbd2 Re7 21. e5 dxe5 22. Ne4 Qf5 23. Nc5 Na5 24. Nxb7 Nxb7 25. Bc6 Rb8 26. dxe5 Nd8 27. Be4 Qd7 28. Qc1 Rb5 29. Qxf4 Ne6 30. Qh4 Ng5 31. Rad1 Qe8 32. Nxg5 hxg5 33. Qh7+ Kf8 34. Bf3 1/2-1/2